|
|
|
|
| LEADER |
00949cam a2200361 i 4500 |
| 001 |
000045188 |
| 003 |
4327 |
| 005 |
20041029082453.0 |
| 008 |
010220b2000 vm 000 eng |
| 020 |
|
|
|a 0471606960
|
| 040 |
|
|
|a IRC
|c IRC
|d IRC
|
| 041 |
0 |
|
|a eng
|
| 082 |
1 |
4 |
|a 005.133
|b WI-R
|
| 100 |
1 |
|
|a Winder, Russell.
|
| 245 |
1 |
0 |
|a Developing Java software /
|c Russell Winder.
|
| 250 |
|
|
|a 2nd ed.
|
| 260 |
|
|
|a Chichester, New York :
|b J. Wiley,
|c 2000.
|
| 300 |
|
|
|a xxvi, 1004 p. :
|b ill.
|
| 630 |
0 |
4 |
|a Java.
|
| 630 |
0 |
4 |
|a Java software.
|
| 650 |
0 |
4 |
|a Java (Computer program language)
|
| 650 |
0 |
4 |
|a Object-oriented programming (Computer science)
|
| 650 |
0 |
4 |
|a Application software
|x Development.
|
| OWN |
|
|
|a DUT
|
| 999 |
|
|
|a From the UDN01
|
| TYP |
|
|
|a Monograph
|
| TYP |
|
|
|a Printed language
|
| 980 |
|
|
|a Mạng thư viện Đại học Đà Nẵng
|